Borussia Dortmund Top Scorers - Statistics

General Stats
  • This quiz has been taken 71 times
  • The average score is 7 of 25
Answer Stats
Country Goals Player (Answer) % Correct
Germany 159 Marco Reus
97%
Poland 103 Robert Lewandowski
88%
Norway 86 Erling Haaland
80%
Japan 60 Shinji Kagawa
75%
Czechia 79 Jan Koller
48%
Germany 159 Michael Zorc
48%
Germany 69 Lars Ricken
45%
Germany 158 Manfred Burgsmuller
31%
Germany 88 Andreas Moller
30%
Germany 148 Lothar Emmerich
22%
Brazil 54 Ewerthon
20%
Germany 177 Adi Preissler
16%
Germany 56 Heiko Herrlich
11%
Gabon 141 Pierre-Emerick Aubemayang
11%
Germany 53 Sigfried Held
11%
Germany 66 Frank Mill
9%
Germany 91 Aki Schmidt
8%
Germany 54 Burkhard Segler
3%
Germany 94 Reinhold Wosab
3%
Germany 124 Alfred Kelbassa
2%
Germany 143 Jurgen Schutz
2%
Germany 155 Timo Konletzka
2%
Germany 125 Alfred Niepieklo
0%
Germany 66 Edmond Kasperski
0%
Switzerland 123 Stephane Chapulsat
0%
No matching quizzes found
Score Distribution
Percent of People with Each Score
Percentile by Number Answered
Your Score History
You have not taken this quiz